000 00683nam a2200253Ia 4500
001 18444
003 GE_BSU
008 181216s||||||||xx |||||||||||||| ||und||
020 _a9780273743972
040 _cGE_BSU
080 _a331
100 _aFagan,Angela
245 _aBrilliant job hunting.
245 _bYour complete guide to getting the job you want
250 _aThird Edition
260 _aHarlow
260 _bPearson
260 _c2011
300 _a251p. 22cm.
653 _aBrilliant job hunting.
653 _aYour complete guide to getting the job you want
653 _aშრომა. დასაქმება. სამუშაო.
942 _cBK
999 _c51458
_d51458